| 000 | 00749nam a22002537a 4500 | ||
|---|---|---|---|
| 003 | UA-OsUOA | ||
| 001 | 909 | ||
| 007 | ta | ||
| 008 | 20050708b un ||||| |||| 00| 0 ukr d | ||
| 100 | _aБалаж П. | ||
| 700 | _aЧабала М. | ||
| 700 | _aДаровец М. | ||
| 090 |
_a811.162.4 _bБ20 |
||
| 942 | _cBK | ||
| 040 |
_aUA-OsUOA _brus _cUA-OsUOA _dUA-OsUOA |
||
| 245 | _aУчебник словацкого языка для славистов | ||
| 300 | _a341 с. | ||
| 955 | _a2 | ||
| 041 | _arus | ||
| 080 | _a811.162.4 | ||
| 260 |
_aБратислава _bПед. издат. _c1978 |
||
| 650 | 7 |
_a8 Мовознавство. Художня література. Літературознавство _2UDC |
|
| 999 |
_c287075 _d287075 |
||